Creación de una estética de uñas (Registro nro. 8659)
[ vista simple ]
| 000 -LEADER | |
|---|---|
| fixed length control field | 00605nmm a22002177a 4500 |
| 005 - DATE AND TIME OF LATEST TRANSACTION | |
| control field | 20161129162431.0 |
| 008 - FIXED-LENGTH DATA ELEMENTS--GENERAL INFORMATION | |
| fixed length control field | 150618b xxu||||| |||| 00| 0 spa d |
| 041 ## - LANGUAGE CODE | |
| Language code of text/sound track or separate title | spa |
| 082 ## - DEWEY DECIMAL CLASSIFICATION NUMBER | |
| Classification number | DE 131 |
| 100 ## - MAIN ENTRY--AUTHOR NAME | |
| Personal name | Martínez Calderón, María Fernanda |
| 245 ## - TITLE STATEMENT | |
| Title | Creación de una estética de uñas |
| 260 ## - PUBLICATION, DISTRIBUTION, ETC. (IMPRINT) | |
| Year of publication | 2015 |
| 650 ## - SUBJECT ADDED ENTRY--TOPICAL TERM | |
| Topical Term | COSTA RICA |
| 650 ## - SUBJECT ADDED ENTRY--TOPICAL TERM | |
| Topical Term | DIRECCIÓN DE EMPRESAS |
| 650 ## - SUBJECT ADDED ENTRY--TOPICAL TERM | |
| Topical Term | EMPRENDEDURISMO |
| 650 ## - SUBJECT ADDED ENTRY--TOPICAL TERM | |
| Topical Term | INVENTARIO |
| 650 ## - SUBJECT ADDED ENTRY--TOPICAL TERM | |
| Topical Term | MERCADEO |
| 650 ## - SUBJECT ADDED ENTRY--TOPICAL TERM | |
| Topical Term | DIAGNÓSTICO DE COMPETENCIA |
| 650 ## - SUBJECT ADDED ENTRY--TOPICAL TERM | |
| Topical Term | CREACIÓN DE EMPRESAS |
| 942 ## - ADDED ENTRY ELEMENTS (KOHA) | |
| Tipo de ítem | Informe de Práctica |
| Withdrawn status | Estado | Estado físico | Not for loan | Precio de compra | Total Checkouts | Clasificación | Número de inscripción | Date last seen | Date checked out | Price effective from | Tipo de ítem |
|---|---|---|---|---|---|---|---|---|---|---|---|
| 62720.00 | 2 | DE 131 | DE131 | 17/01/2020 | 16/01/2020 | 29/11/2016 | Informe de Práctica |